Las Vegas Movies by Picture - Statistics

General Stats
  • This quiz has been taken 10,044 times
  • The average score is 9 of 16
Answer Stats
Picture Answer % Correct
The Hangover
88%
Austin Powers: International Man of Mystery
84%
Rain Man
75%
Elvis
73%
Ocean's Eleven
73%
Casino
70%
DodgeBall: A True Underdog Story
69%
Rango
68%
Percy Jackson & the Olympians: The Lightning Thief
61%
Con Air
54%
Fear and Loathing in Las Vegas
49%
The Godfather
47%
Leaving Las Vegas
40%
The Big Short
36%
Diamonds are Forever
24%
Cool World
12%
No matching quizzes found
Score Distribution
Percent of People with Each Score
Percentile by Number Answered
Your Score History
You have not taken this quiz